[Event "Fagernes op-A"]
[Site "Fagernes"]
[Date "2023.04.08"]
[Round "8"]
[White "Amundsen, Ask"]
[Black "Ji, Jiahao Eric"]
[Result "1/2-1/2"]
[WhiteElo "1937"]
[BlackElo "1959"]
[PlyCount "41"]
[EventDate "2023.04.02"]
[EventType "swiss"]
[EventRounds "9"]
[EventCountry "NOR"]
[SourceTitle "CBM 213 Extra"]
[Source "ChessBase"]
[SourceDate "2023.05.31"]
[SourceVersion "1"]
[SourceVersionDate "2023.05.31"]
[SourceQuality "1"]

1. e4 e6 2. d4 d5 3. Bd3 dxe4 4. Bxe4 Nf6 5. Bf3 c5 6. Ne2 Nc6 7. Be3 cxd4 8. Nxd4 Ne5 9. 0-0 a6 10. Nc3 Be7 11. Qe2 0-0 12. Rad1 Qc7 13. Rfe1 Re8 14. Bf4 Nxf3+ 15. Qxf3 Qb6 16. Nb3 Bd7 17. Be3 Qc7 18. Bf4 Qb6 19. Be3 Qc7 20. Bf4 Qb6 21. Be3 1/2-1/2

[Event "NOR-chT Elite 2223"]
[Site "Norway"]
[Date "2023.01.15"]
[Round "6.26"]
[White "Ji, Jiahao Eric"]
[Black "Mansoor, Afras"]
[Result "0-1"]
[WhiteElo "1897"]
[BlackElo "2118"]
[PlyCount "94"]
[EventDate "2022.11.11"]
[EventType "team-tourn"]
[EventRounds "9"]
[EventCountry "NOR"]
[SourceTitle "CBM 213 Extra"]
[Source "ChessBase"]
[SourceDate "2023.05.31"]
[SourceVersion "1"]
[SourceVersionDate "2023.05.31"]
[SourceQuality "1"]
[WhiteTeam "Hell"]
[BlackTeam "Bergens"]
[WhiteTeamCountry "NOR"]
[BlackTeamCountry "NOR"]

1. e4 e5 2. Nf3 Nc6 3. Bc4 Bc5 4. c3 Nf6 5. d4 exd4 6. e5 d5 7. Bb5 Ne4 8. cxd4 Bb6 9. Nc3 0-0 10. Be3 Bg4 11. h3 Be6 12. 0-0 f6 13. exf6 Qxf6 14. Bxc6 bxc6 15. Ne5 c5 16. Nxe4 dxe4 17. dxc5 Qxe5 18. cxb6 Rad8 19. Qc2 axb6 20. Rac1 c5 21. b3 Rf6 22. Qe2 Rdf8 23. Rcd1 Bxh3 24. gxh3 Rg6+ 25. Kh1 Rf3 26. Rd8+ Kf7 27. Qxf3+ exf3 28. Rfd1 Qf5 29. R8d7+ Ke8 30. Rd8+ Ke7 31. R1d7+ Qxd7 32. Rxd7+ Kxd7 33. Kh2 Rg2+ 34. Kh1 Kc6 35. Bf4 Rxf2 36. a4 Rg2 37. h4 Rg4 38. Be3 Rxh4+ 39. Kg1 g5 40. Kf2 Rb4 41. Bxg5 Rxb3 42. Bh6 c4 43. Bg5 h5 44. Kg3 Rd3 45. Kf2 c3 46. a5 bxa5 47. Be3 Rxe3 0-1

[Event "EU-ch U12 30th"]
[Site "Antalya"]
[Date "2022.11.09"]
[Round "4"]
[White "Ji, Jiahao Eric"]
[Black "Er, Mira"]
[Result "1-0"]
[WhiteElo "1867"]
[BlackElo "1534"]
[PlyCount "47"]
[EventDate "2022.11.06"]
[EventType "swiss"]
[EventRounds "9"]
[EventCountry "TUR"]
[SourceTitle "EXT 2024"]
[Source "ChessBase"]
[SourceDate "2023.10.10"]
[SourceVersion "1"]
[SourceVersionDate "2023.10.10"]
[SourceQuality "1"]

1. e4 c5 2. Nf3 Nc6 3. d4 cxd4 4. Nxd4 g6 5. c4 Nf6 6. Nc3 d6 7. Be2 Nxd4 8. Qxd4 Bg7 9. Be3 0-0 10. Qd2 Be6 11. f3 Rc8 12. b3 a6 13. Rc1 Qa5 14. 0-0 Rcd8 15. Rfd1 Nd7 16. Bd4 Bxd4+ 17. Qxd4 Qg5 18. Nd5 Bxd5 19. exd5 Qf6 20. Rc3 Qxd4+ 21. Rxd4 b5 22. Re3 bxc4 23. Bxc4 Ne5 24. Bxa6 1-0

[Event "Trondheim Brokstads Memorial"]
[Site "Trondheim"]
[Date "2019.11.24"]
[Round "6"]
[White "Sian, Shadi"]
[Black "Ji, Jiahao Eric"]
[Result "1-0"]
[WhiteElo "1873"]
[BlackElo "1667"]
[PlyCount "89"]
[EventDate "2019.11.22"]
[EventType "swiss"]
[EventRounds "7"]
[EventCountry "NOR"]
[SourceTitle "EXT 2021"]
[Source "ChessBase"]
[SourceDate "2020.10.23"]
[SourceVersion "1"]
[SourceVersionDate "2020.10.23"]
[SourceQuality "1"]

1. d4 Nf6 2. c4 e6 3. Nf3 b6 4. Nc3 Bb4 5. Bd2 Bb7 6. e3 0-0 7. Bd3 c5 8. 0-0 Nc6 9. Qc2 h6 10. d5 exd5 11. cxd5 Ne7 12. e4 a6 13. a3 Ba5 14. Qc1 Ng6 15. a4 d6 16. Ne2 Bxd2 17. Qxd2 Re8 18. Ng3 Qd7 19. b3 Ne5 20. Nxe5 Rxe5 21. Qc3 h5 22. f4 Ree8 23. Nf5 Qd8 24. Rf3 g6 25. Rg3 Kh7 26. Qb2 gxf5 27. e5 Ne4 28. Rh3 Kh6 29. Qe2 Rh8 30. Bxe4 fxe4 31. Qxe4 Kg7 32. f5 Qc7 33. f6+ Kf8 34. Qg4 Ke8 35. Qg7 Rf8 36. e6 Bxd5 37. e7 Rg8 38. Qxg8+ Kd7 39. Qg5 Be6 40. Re3 Re8 41. Rae1 b5 42. Rxe6 fxe6 43. f7 Qa5 44. fxe8Q+ Kxe8 45. Kf1 1-0

[Event "Trondheim Brokstads Memorial"]
[Site "Trondheim"]
[Date "2019.11.23"]
[Round "4"]
[White "Modell, Brage"]
[Black "Ji, Jiahao Eric"]
[Result "1-0"]
[WhiteElo "1845"]
[BlackElo "1667"]
[PlyCount "57"]
[EventDate "2019.11.22"]
[EventType "swiss"]
[EventRounds "7"]
[EventCountry "NOR"]
[SourceTitle "EXT 2021"]
[Source "ChessBase"]
[SourceDate "2020.10.23"]
[SourceVersion "1"]
[SourceVersionDate "2020.10.23"]
[SourceQuality "1"]

1. c4 c5 2. Nc3 Nc6 3. g3 g6 4. Bg2 Bg7 5. a3 d6 6. b4 Nf6 7. Rb1 0-0 8. Nf3 Bf5 9. d3 Ng4 10. Bd2 Rb8 11. 0-0 Nge5 12. Nxe5 Nxe5 13. bxc5 Nxd3 14. exd3 Bxd3 15. Ne4 Bxb1 16. Qxb1 dxc5 17. Rd1 Qc7 18. Bf4 e5 19. Be3 b6 20. Nc3 Rfd8 21. Nd5 Qd7 22. Nf6+ Bxf6 23. Rxd7 Rxd7 24. Bd5 Rdd8 25. a4 a6 26. Qe4 b5 27. Qf3 bxc4 28. Qxf6 Rxd5 29. Bh6 1-0

[Event "Hell op"]
[Site "Hell"]
[Date "2019.08.11"]
[Round "10"]
[White "Sian, Shadi"]
[Black "Ji, Jiahao Eric"]
[Result "1-0"]
[WhiteElo "1879"]
[BlackElo "1605"]
[PlyCount "67"]
[EventDate "2019.08.03"]
[EventType "swiss"]
[EventRounds "10"]
[EventCountry "NOR"]
[SourceTitle "CBM 191 Extra"]
[Source "ChessBase"]
[SourceDate "2019.09.30"]
[SourceVersion "1"]
[SourceVersionDate "2019.09.30"]
[SourceQuality "1"]

1. b3 d5 2. d4 Nf6 3. Bb2 g6 4. e3 Bg7 5. Nf3 0-0 6. Be2 b6 7. Nbd2 Bb7 8. c4 e6 9. Rc1 Nbd7 10. 0-0 c5 11. Ba3 Rc8 12. Rc2 Re8 13. Qc1 cxd4 14. Nxd4 Ne5 15. Nb5 Bf8 16. Nf3 dxc4 17. Nxe5 Qd5 18. Bf3 Ne4 19. bxc4 Qxe5 20. Bxf8 Rxf8 21. Nxa7 Rc5 22. Nb5 g5 23. Qa1 Qf5 24. Nd4 Qg6 25. Qb2 g4 26. Be2 Rh5 27. Qxb6 Ba8 28. Rb1 Nc5 29. Rbc1 Kh8 30. Qd6 Rg8 31. Nc6 Ne4 32. Qd4+ e5 33. Nxe5 f6 34. Nxg6+ 1-0

[Event "Helsingor Xtracon op"]
[Site "Helsingor"]
[Date "2018.07.23"]
[Round "4"]
[White "Ji, Jiahao Eric"]
[Black "Matras, Ove"]
[Result "1-0"]
[WhiteElo "1463"]
[BlackElo "1839"]
[PlyCount "86"]
[EventDate "2018.07.21"]
[EventType "swiss"]
[EventRounds "10"]
[EventCountry "DEN"]
[SourceTitle "CBM 185 Extra"]
[Source "ChessBase"]
[SourceDate "2018.07.29"]
[SourceVersion "1"]
[SourceVersionDate "2018.07.29"]
[SourceQuality "1"]

1. e4 c6 2. d4 d5 3. exd5 cxd5 4. Bd3 Nc6 5. c3 g6 6. Nf3 Nf6 7. Nbd2 Bg7 8. Nb3 0-0 9. 0-0 Bg4 10. h3 Bf5 11. Bf4 Qc8 12. Re1 Bxd3 13. Qxd3 Qf5 14. Qxf5 gxf5 15. Ne5 e6 16. Nc5 Nh5 17. Bh2 Nxe5 18. Bxe5 Bxe5 19. Rxe5 Nf4 20. Re3 Rfd8 21. h4 Kf8 22. g3 Ng6 23. a4 f4 24. Rf3 Ke7 25. h5 b6 26. Nd3 Nf8 27. Rxf4 a5 28. Ne5 f5 29. Nc6+ Kd6 30. Nxd8 Rxd8 31. g4 fxg4 32. Rxg4 Nd7 33. Re1 Nf6 34. Rf4 Rg8+ 35. Kf1 Nxh5 36. Rh4 Rg5 37. Re5 Rxe5 38. dxe5+ Kc5 39. Rxh5 d4 40. Rxh7 d3 41. f4 Kc4 42. f5 Kb3 43. Rd7 Kc2 1-0

[Event "Helsingor Xtracon op"]
[Site "Helsingor"]
[Date "2018.07.21"]
[Round "1"]
[White "Christiansen, Arne"]
[Black "Ji, Jiahao Eric"]
[Result "1-0"]
[WhiteElo "2032"]
[BlackElo "1463"]
[PlyCount "63"]
[EventDate "2018.07.21"]
[EventType "swiss"]
[EventRounds "10"]
[EventCountry "DEN"]
[SourceTitle "CBM 185 Extra"]
[Source "ChessBase"]
[SourceDate "2018.07.29"]
[SourceVersion "1"]
[SourceVersionDate "2018.07.29"]
[SourceQuality "1"]

1. d4 Nf6 2. c4 g6 3. Nc3 Bg7 4. g3 d5 5. Nf3 0-0 6. Bg2 c6 7. cxd5 cxd5 8. 0-0 Nc6 9. Bf4 Ne4 10. Rc1 e6 11. Ne5 Qb6 12. Nxc6 bxc6 13. Nxe4 dxe4 14. Bxe4 Bb7 15. e3 Rfd8 16. Qc2 Rac8 17. Qc5 f5 18. Bf3 Ba6 19. Rfd1 Qxb2 20. Qxa7 Be2 21. Rb1 Qc2 22. Rdc1 Qd2 23. Bxe2 Qxe2 24. Rb7 Bf6 25. Bh6 Rf8 26. Rg7+ Kh8 27. Rxh7+ Kg8 28. Bxf8 Rxf8 29. Rb7 Qf3 30. Rb8 Rxb8 31. Qxb8+ Kh7 32. Qd6 1-0

[Event "NOR-ch U10"]
[Site "Stavanger"]
[Date "2017.07.03"]
[Round "4"]
[White "Ji, Jiahao Eric"]
[Black "Cithu, Arun Vijay"]
[Result "1-0"]
[WhiteElo "991"]
[BlackElo "1246"]
[PlyCount "131"]
[EventDate "2017.07.01"]
[EventType "swiss"]
[EventRounds "9"]
[EventCountry "NOR"]
[SourceTitle "EXT 2024"]
[Source "ChessBase"]
[SourceDate "2023.10.10"]
[SourceVersion "1"]
[SourceVersionDate "2023.10.10"]
[SourceQuality "1"]

1. e4 c5 2. Nf3 d6 3. d4 cxd4 4. Nxd4 Nf6 5. Nc3 a6 6. Be3 e6 7. Be2 Nbd7 8. 0-0 Be7 9. f3 0-0 10. Qe1 Ne5 11. Rd1 Bd7 12. g4 Ne8 13. f4 Ng6 14. Qg3 Bh4 15. Qg2 Qe7 16. g5 e5 17. Nf5 Bxf5 18. exf5 Nxf4 19. Bxf4 exf4 20. f6 Qe3+ 21. Kh1 f3 22. Bxf3 Qxg5 23. Qxg5 Bxg5 24. fxg7 Kxg7 25. Bxb7 Rb8 26. Bxa6 Rxb2 27. Rg1 Kh6 28. Rg2 Rb6 29. Bd3 Nf6 30. a4 Rc8 31. Ne2 Nd5 32. a5 Ne3 33. axb6 Nxd1 34. Rg1 Nf2+ 35. Kg2 Nxd3 36. cxd3 Be3 37. Rb1 Rb8 38. b7 Ba7 39. Nc3 Rg8+ 40. Kh3 f5 41. Nb5 Bb8 42. Nd4 f4 43. Nc6 f3 44. Nxb8 Rxb8 45. Kg3 f2 46. Kxf2 Kg6 47. Kg3 Kg5 48. Kf3 Kf5 49. Rb5+ Kf6 50. d4 Ke6 51. Ke4 d5+ 52. Kf4 Rf8+ 53. Kg5 Rg8+ 54. Kh6 Rb8 55. Kxh7 Kd6 56. h4 Kc6 57. Rb1 Kc7 58. h5 Re8 59. h6 Kb8 60. Kg7 Re4 61. h7 Rg4+ 62. Kh8 Rg5 63. Rb6 Rf5 64. Kg7 Rg5+ 65. Kh6 Rf5 66. h8Q+ 1-0